000 00750cab a2200217 4500
001 WB3509-40
008 090401t1999 xxu||||| |||| 00| 0 eng d
035 _a(Sirsi) u91717
041 _aeng
245 _aOpen mine test case
260 _c1999
350 _a0
490 _aGuardian
_v3 March 1999, 8(1)
520 _aTwo local authorities Nottinghamshire and Broxstowe are taking a test case to the High Court in a bid to overturn plans to develop a 300ft deep open cast mine on a greenfield site at Shortwood Farm. Lists current open cast applications above 1 million tonnes.
650 _aGREENFIELD SITES
650 _aOPEN CAST MINING
650 _aTEST CASE
690 _aMINING AND MINERALS
942 _n0
948 _c03/03/1999
999 _c58214
_d58214